| 000 | 01675cam a2200349 a 4500 | ||
|---|---|---|---|
| 001 | 2691 | ||
| 005 | 20240110094022.0 | ||
| 020 | _a9780531225592 | ||
| 020 | _a0531225593 | ||
| 040 |
_aDLC _cDLC _dDLC _beng |
||
| 050 | 0 | 0 |
_aSB63.M22 _bP27 2012 |
| 082 | 0 | 0 |
_a333.72092/26762 _222 |
| 100 | 1 | _aPark, Anna | |
| 245 | 1 | 0 |
_aPlanting seeds : _bwho says you can't change the world? / _cAnna Park and Ben Hewitt |
| 260 |
_aNew York : _bScholastic, _c2012 |
||
| 300 |
_a112 pages : _bcolor illustrations ; _c18 cm |
||
| 490 | 0 | _aOn the record | |
| 505 | 0 | _aU | |
| 520 | 2 | _a"Dr. Paul Farmer left the U.S. to live with the world's poor. He cofounded Partners in Health to try to secure healthcare for the people of Haiti; the organization also has projects in Russia, Rwanda, Lesotho, Malawi, and Peru. Wangari Maathai was a feminist and environmentalist who started the Green Belt Movement in Kenya. The 30,000 women of the movement have planted more than 40 million trees"--Provided by the publisher. | |
| 521 |
_a870 _bLexile |
||
| 521 |
_aU _bRaz-Plus |
||
| 650 | 0 |
_aTree planters (Persons) _zKenya _vBiography _vJuvenile literature. |
|
| 650 | 0 |
_aWomen philanthropists _zKenya _vBiography _vJuvenile literature. |
|
| 650 | 0 |
_aEnvironmentalists _zKenya _vBiography _vJuvenile literature. |
|
| 650 | 0 |
_aFeminists _zKenya _vBiography _vJuvenile literature. |
|
| 650 | 0 |
_aPhilanthropists _zUnited States _vBiography _vJuvenile literature. |
|
| 650 | 0 |
_aPhysicians _zUnited States _vBiography _vJuvenile literature. |
|
| 650 | 0 |
_aPoor _xMedical care _vJuvenile literature. |
|
| 700 | 1 |
_aHewitt, Ben _eCoauthor |
|
| 906 |
_a7 _bcbc _corignew _d1 _eecip _f20 _gy-gencatlg |
||
| 942 |
_2ddc _cBK _n0 |
||
| 999 |
_c2691 _d2691 |
||